| 000 | 00770nam a22002417a 4500 | ||
|---|---|---|---|
| 001 | 0011755 | ||
| 003 | DO-SdBNP | ||
| 005 | 20180208130803.0 | ||
| 007 | 0011755 | ||
| 008 | 161110b 1984 sp ||||| |||| 00| 0 spa d | ||
| 020 | _a8429423036 | ||
| 040 |
_aBPMSU _bspa _cBPMSU |
||
| 245 |
_aARC-EN-CIEL : _blecturas programada. Francés 7o. EGB / Antonio Ramos director ; colaboradores Josefa Pérez Dorado, Pilar Peña, Marina Seoane. |
||
| 260 |
_aMadrid : _bSantillana, _c1984. |
||
| 300 |
_a64 p. : _bil., _c19 cm. |
||
| 700 | 1 | 2 |
_aRamos, Antonio, _edir. |
| 700 | 1 | 2 |
_aPérez Dorado, Josefa, _ecol. |
| 700 | 1 |
_aPeña, Pilar, _ecol. |
|
| 700 | 1 |
_aSeoane, Marina, _ecol. |
|
| 942 |
_2ddc _cBK |
||
| 945 | _aInventariado, 2018 /LP | ||
| 956 |
_aBTAVÁREZ _b10 _c20161110 _d0011755 |
||
| 999 |
_c11887 _d11887 |
||